000 00681cam a22002413a 4500
001 34013
003 PGUSA
005 20140828083732.0
008 101001s2010||||xxu|||||s|||||000 | eng d
040 _aPGUSA
_beng
042 _adc
100 1 _aAndreyev, Leonid,
_d1871-1919
245 1 0 _a血笑記
_h[electronic resource] /
_cLeonid Andreyev
260 _bProject Gutenberg,
_c2010
500 _aTranslation of: The Red Laugh
506 _aPublic domain in the USA.
516 _aElectronic text
700 1 _aFutabatei, Shimei,
_d1864-1909
740 0 _aKesshouki
830 0 _aProject Gutenberg
_v34013
856 4 0 _uhttp://www.gutenberg.org/ebooks/34013
942 _cEB
999 _c263268
_d263268